| 000 | 01408nam2a22002531 4500 | ||
|---|---|---|---|
| 001 | RU\NLR\INFOCOMM18\1000234142 | ||
| 005 | 20250617030726.0 | ||
| 035 | _a(NLR Aleph) 002405727 | ||
| 090 |
_a4673548 _c4673548 |
||
| 100 | _a20050107d1979 |||y0rusy50 ca | ||
| 101 | 0 | _arus | |
| 102 | _aRU | ||
| 105 | _ay ||||||||| | ||
| 200 | 1 |
_aОборудование и технология обратного прессования цветных металлов _fЛ.М. Грабарник и др. |
|
| 210 |
_d1979 _aБ. м. |
||
| 461 | 0 |
_1001RU\NLR\INFOCOMM18\1000234137 _12001#$aЦветная металлургия$eОбзор. информ.$iСерия "Обработка цветных металлов и сплавов"$fЦНИИ экономики и информ. цв. металлургии. ЦНИИцветмет экономики и информ.$v1979, Вып.6 _94673534 _cМ. _d1979- _fЦНИИ экономики и информ. цв. металлургии. ЦНИИцветмет экономики и информ. _iСерия "Обработка цветных металлов и сплавов" _oОбзор. информ. _tЦветная металлургия _v1979, Вып.6 |
|
| 700 | 1 |
_aГрабарник _bЛ.М. _4070 |
|
| 801 | 1 |
_aRU _bInfoComm _c20050107 |
|
| 801 | 0 |
_aRU _bNLR _gPSBO |
|
| 852 |
_aNLR _jП10/5643 |
||
| 942 | _cISSUE | ||
| 980 | _aNB | ||
| 980 | _aRUSPER | ||